000 01170nam a22002537a 4500
999 _c22199
_d22199
003 AR-CdUCM
008 190425b ||||| |||| 00| 0 spa d
040 _aMUNICIPALIDAD PROVINCIAL DEL CUSCO
_cBIBLIOTECA MUNICIPAL DEL CUSCO
082 _aOropesa/N°106/2018
245 _aOropesa :
_brevista de cultura y educación de opinión y crítica /
_cAmérico Valer Vargas, Director
260 _aCusco.
_bLezama,
_c2018.
300 _a22 páginas. :
_bilustraciones ;
_c30 cm.
440 _aOropesa.
_nAño XXXVI, N°106, junio 2018.
_947626
505 _aContenido: Cerámica Inca contemporánea Raqchi. -- El derecho de reconstrucción tras los desastres el modelo social. -- El cusqueño y los retos en su estudio. -- Las illas objetos prehispánicos reutilizados en rituales pastoriles contemporáneos. -- Culto al agua o qocha raymi Urcos.
650 _aPolítica cusqueña
_947381
650 _aCultura andina
_947570
650 _aSociedad cusqueña
_947493
650 _aSiglo XX
_947561
700 _aCalvo Calvo, Rossano
_944156
700 _aValer Vargas, Américo
_947562
700 _aEspinoza Martínez, Héctor
_947132
942 _2ddc
_cPP
945 _arac